Computational neuroscience : trends in research, 1998 /

Bibliographic Details
Corporate Author: SpringerLink (Online service)
Other Authors: Bower, James M.
Format: eBook
Language:English
Published: New York : Springer, [1998]
Subjects:
Online Access:Connect to the full text of this electronic book

MARC

Tag First Indicator Second Indicator Subfields
LEADER 00000cam a2200000Ma 4500
001 in00003548439
006 m o d
007 cr cn|||||||||
008 980522s1998 nyua ob 101 0 eng d
005 20260420220350.6
020 |a 9781461548317 (electronic bk.) 
020 |a 1461548314 (electronic bk.) 
020 |z 9781461371908 
020 |z 0306459191 
020 |z 9781461548317 
035 |a (OCoLC)844339385 
040 |a E7B  |b eng  |e pn  |c E7B  |d OCLCQ  |d OCLCO  |d OCLCF  |d GW5XE  |d OCLCO  |d UtOrBLW 
049 |a TXAM 
050 4 |a QP357.5  |b .C642 1998eb 
082 0 4 |a 573.8/01/1  |2 21 
245 0 0 |a Computational neuroscience :  |b trends in research, 1998 /  |c edited by James M. Bower. 
264 1 |a New York :  |b Springer,  |c [1998] 
264 4 |c ©1998 
300 |a 1 online resource (xvi, 642 pages :) :  |b illustrations 
336 |a text  |b txt  |2 rdacontent 
337 |a computer  |b c  |2 rdamedia 
338 |a online resource  |b cr  |2 rdacarrier 
500 |a "Proceedings of the [Sixth] Annual Computational Neuroscience Conference, held July 6-10, 1997, in Big Sky, Montana"--Title page verso. 
504 |a Includes bibliographical references and index. 
500 |a Electronic resource. 
650 0 |a Computational neuroscience  |v Congresses. 
650 0 |a Computational biology  |v Congresses. 
650 7 |a Computational biology.  |2 fast  |0 (OCoLC)fst00871990 
650 7 |a Computational neuroscience.  |2 fast  |0 (OCoLC)fst00872004 
655 7 |a Electronic books.  |2 local 
655 7 |a Conference proceedings.  |2 fast  |0 (OCoLC)fst01423772 
700 1 |a Bower, James M. 
710 2 |a SpringerLink (Online service) 
856 4 0 |u http://proxy.library.tamu.edu/login?url=https://link.springer.com/10.1007/978-1-4615-4831-7  |z Connect to the full text of this electronic book  |t 0 
994 |a 92  |b TXA 
999 |a MARS 
999 f f |s aa74b2c0-a08a-30a5-877c-4068e8985333  |i 60deae68-7af1-35ef-8f47-9c1e4f118e70  |t 0 
952 f f |a Texas A&M University  |b College Station  |c Electronic Resources  |s www_evans  |d Available Online  |t 0  |e QP357.5 .C642 1998eb  |h Library of Congress classification 
998 f f |a QP357.5 .C642 1998eb  |t 0  |l Available Online